Das Schloß von Raudnitz 1652 - 1684
| Titel: | Das Schloß von Raudnitz 1652 - 1684 : Anfänge des habsburgischen Frühbarock / Monika Brunner-Melters |
|---|---|
| Verfasser: | |
| Veröffentlicht: | Worms : Werner, 2002 |
| Umfang: | 236 S., [22] Bl. : Ill. |
| Format: | Buch |
| Sprache: | Deutsch |
| Schriftenreihe/ mehrbändiges Werk: |
Manuskripte zur Kunstwissenschaft ; 60 |
| Hochschulschrift: | Zugl.: Berlin, Freie Univ., Diss., 1999 |
| RVK-Notation: | |
| ISBN: | 388462959X |
| Lokale Klassifikation: | 25 8 R 151 ; 23 9 D |
|---|
alg: 10579611 001A $00036:23-07-02 001B $03025:12-02-26 $t17:52:09.000 001D $00036:23-07-02 001U $0utf8 001X $00 002@ $0Aau 003@ $0105796115 003O $050207376 $aOCoLC 004A $03-88462-959-X 006G $0964950146 006U $002,H10,2418 007A $0105796115 $aHEB 007T $0Herdh03945 010@ $ager 011@ $a2002 013H $0u 021A $aDas @Schloß von Raudnitz 1652 - 1684 $dAnfänge des habsburgischen Frühbarock $hMonika Brunner-Melters 028A $#Brunner-Melters, Monika $#Brunner, Monika $#Melters, Monica $7138795649 $8Melters, Monika [Tp1] $9214291146 033A $pWorms $nWerner 034D $a236 S., [22] Bl. 034M $aIll. 036E $aManuskripte zur Kunstwissenschaft $l60 036F $x260 $8Manuskripte für Kunstwissenschaft in der Wernerschen Verlagsgesellschaft $9002102226 $l60 037C $aZugl.: $bBerlin $cFreie Univ., Diss., 1999 041A $RRaudnitz an der Elbe $#Schloss Raudnitz Raudnitz an der Elbe $74600623-0 $8Schloss Lobkowitz$gRaudnitz an der Elbe [Tg1] $9093084366 041A/80 $i31.3ab 041A/90 $hXA-CZ 044K $RRaudnitz an der Elbe $#Roudnice Labe $#Raudnitz an der Elbe $71037799259 $8Roudnice nad Labem [Tg1] $9326724885 045B $a728.820943716 $ALoC $eDDC22oclc 045E $a45 045F $a709.4371 $eDDC23BSB 045F/01 $a709 045F/03 $g4371 045G $a307.094371 $eDDC23BSB 045G/01 $a307.09 045G/03 $g4371 045R $aGeschichte 1652-1684 045Z $8LL 44820 [Tkv] $9409997196 046M $aBibliogr. S. 207 - 235 046X $aArchivierung/Langzeitarchivierung gewährleistet $5DE-36 $fPERP lok: 10579611 13 exp: 10579611 13 1 #EPN 201B/01 $018-12-02 $t03:59:42.567 201C/01 $023-07-02 203@/01 $0173110045 208@/01 $a23-07-02 $bz 209A/01 $a2002/1216 $du $f000 $h2002 1216 $x00 209B/01 $a05 $x05 209B/01 $a20 $x06 209C/01 $a2002-387,1 209G/01 $a01466623 $x00 247C/01 $8655000-9 <36>Mainz, Wissenschaftliche Stadtbibliothek Mainz $9102599564 201U/01 $0utf8 lok: 10579611 15 101B $002-02-11 $t10:46:55.000 101C $002-02-11 101U $0utf8 145S/01 $a09000 exp: 10579611 15 1 #EPN 201B/01 $015-10-22 $t11:00:35.000 201C/01 $002-02-11 201U/01 $0utf8 203@/01 $0605455287 208@/01 $a02-02-11 $bz 209A/01 $a-Mag- OB 5239 $du $f100 $hMAG OB 5239 $x00 209C/01 $aG 2011/0294 $hG 2011 0294 209G/01 $a03159086 $x00 244Z/01 $#Werner, F. $7130209546 $8--Tp1--Werner, Ferdinand$Z1950- $x80 $9160417996 247C/01 $8655100-2 <123>Worms, Stadtbibliothek Worms $9102600732 lok: 10579611 24 101B $015-09-05 $t11:38:27.000 101C $025-11-02 145Z/01 $a25 8 R 151 145Z/02 $a23 9 D 101U $0utf8 exp: 10579611 24 1 #EPN 201B/01 $025-11-02 $t13:20:16.459 201C/01 $025-11-02 203@/01 $0178162108 208@/01 $a25-11-02 $bz 209A/01 $a02.4822 $du $f050 $h02 4822 $x00 209C/01 $a02.4822 K $h02 4822 K 209G/01 $a70482150 $x00 247C/01 $8358050-7Marburg, Bibliothek des Herder-Instituts Marburg $9102600961 201U/01 $0utf8 lok: 10579611 25 exp: 10579611 25 1 #EPN 201B/01 $018-12-02 $t03:59:42.669 201C/01 $005-08-02 203@/01 $0173591485 208@/01 $a05-08-02 $bz 209A/01 $a224.560 $du $f000 $x00 209B/01 $a00014 $x05 209G/01 $a36669294 $x00 209G/01 $aFREIHAND $x01 247C/01 $8651000-0 <77>Mainz, Universität Mainz, Zentralbibliothek $9102599602 201U/01 $0utf8 lok: 10579611 78 exp: 10579611 78 1 #EPN 201B/01 $025-11-17 $t23:27:41.000 201U/01 $0utf8 203@/01 $0791747581 208@/01 $a12-11-16 $be 209A/01 $a/ $f000 $x00 220C/01 $aTitelaufnehmer: rb 237A/01 $aweiterführende Signatur(en): 02.4822 244Z/01 $#Tschechien $#Tschechische Republik $#Tschechien $#Tschechische Republik $#Tschechenland $#Tschechei Tschechien $#Česká Republika $#Czech Republic $#ČR $74303381-7 $8--Tg1--Tschechien $x01 $9086659812 244Z/01 $2Trx $#Böhmen $#Bohemia $#Czechy $8--Trx--Čechy $x02 $9391188941 244Z/01 $2Trx $#Raudnitz Elbe $8--Trx--Roudnice nad Labem$gLitoměřice $x03 $9391348876 244Z/01 $aGeschichte 1652-1684 $x04 244Z/01 $2Trx $#lossid ja paleed $#pilys ir rūmai $#Castles and palaces $#kastélyok és paloták $#zamki i pałace $#zámky a paláce $#zámky a paláce $#Paläste $#Architektur Schlösser $#pałace $#paláce $#paláce $8--Trx--Schlösser und Paläste $x05 $9391360531 244Z/01 $2Trx $#barokk $#barokas $#Baroque $#barokk $#barok $#baroko $#baroko $8--Trx--Barock $x06 $9391357646 244Z/01 $2Trx $8--Trx--Monographie $x07 $9391384546 245Z/01 $a13.03 $x01 245Z/01 $a11.11 $x02 247C/01 $82080>Marburg/Lahn, Herder-Institut, Forschungsbibliothek, Bibliographieportal $9336309341
| LEADER | 00000cam a2200000 c 4500 | ||
|---|---|---|---|
| 001 | 105796115 | ||
| 003 | DE-603 | ||
| 005 | 20260212175209.0 | ||
| 007 | tu | ||
| 008 | 020723s2002 xx |||| m u00||u|ger | ||
| 015 | |a 02,H10,2418 |2 dnb | ||
| 016 | 7 | |2 DE-101 |a 964950146 | |
| 020 | |a 388462959X | ||
| 035 | |a (DE-599)HEB105796115 | ||
| 035 | |a (OCoLC)50207376 | ||
| 040 | |a DE-603 |b ger |c DE-603 |d DE-603 | ||
| 041 | |a ger | ||
| 043 | |c XA-CZ | ||
| 082 | 0 | 4 | |8 1\u |a 709.4371 |q DE-101 |2 23/BSB |
| 083 | 0 | |8 2\u |a 307.094371 |q DE-101 |2 23/BSB | |
| 083 | 7 | |8 3\p |a 728.820943716 |2 22/oclc | |
| 084 | |a 45 |q DE-101 |2 sdnb | ||
| 084 | |a LL 44820 |0 (DE-625)99750: |0 (DE-603)409997196 |2 rvk | ||
| 084 | |a 31.3ab |q DE-101 |2 sdnb | ||
| 085 | |8 1\u |b 709 | ||
| 085 | |8 1\u |z 2 |s 4371 | ||
| 085 | |8 2\u |b 307.09 | ||
| 085 | |8 2\u |z 2 |s 4371 | ||
| 100 | 1 | |a Melters, Monika |0 (DE-603)214291146 |0 (DE-588)138795649 |2 gnd | |
| 245 | 0 | 0 | |a Das Schloß von Raudnitz 1652 - 1684 |b Anfänge des habsburgischen Frühbarock |c Monika Brunner-Melters |
| 264 | 1 | |a Worms |b Werner |c 2002 | |
| 300 | |a 236 S., [22] Bl. |b Ill. | ||
| 490 | 1 | |a Manuskripte zur Kunstwissenschaft |v 60 | |
| 500 | |a Bibliogr. S. 207 - 235 | ||
| 502 | |a Zugl.: Berlin, Freie Univ., Diss., 1999 | ||
| 648 | 7 | |a Geschichte 1652-1684 |2 gnd | |
| 651 | 7 | |a Schloss Lobkowitz |g Raudnitz an der Elbe |0 (DE-588)4600623-0 |0 (DE-603)093084366 |2 gnd | |
| 651 | 7 | |a Roudnice nad Labem |0 (DE-588)1037799259 |0 (DE-603)326724885 |2 gnd | |
| 830 | 0 | |t Manuskripte für Kunstwissenschaft in der Wernerschen Verlagsgesellschaft |v 60 |w (DE-603)002102226 |w (DE-600)58262-1 |9 260 |7 as | |
| 883 | 0 | |8 3\p |q LoC | |
| 924 | 0 | |9 36 |a (DE-603)173110045 |b DE-36 |c HES |d c |g 2002/1216 | |
| 924 | 0 | |9 123 |a (DE-603)605455287 |b DE-123 |c HES |d c |g -Mag- OB 5239 | |
| 924 | 0 | |9 Mb 50 |a (DE-603)178162108 |b DE-Mb50 |c HES |d c |g 02.4822 | |
| 924 | 0 | |9 77 |a (DE-603)173591485 |b DE-77 |c HES |d c |g 224.560 |h FREIHAND | |
| 924 | 0 | |9 2080 |a (DE-603)791747581 |b DE-2080 |c HES |d d |g / | |


